Recommended forest inventory practices in ASEAN

Bibliographic Details
Main Author: TAYLOR
Corporate Author: ASEAN Insttute of Forest Management (AIFM)
Other Authors: Kasinathan Kengaiah, Samsudin Musa
Format: Book
Published: Kuala Lumpur : ASEAN Insttute of Forest Management , 1989
Series:Forest inventory manual; v. IV
Subjects:

MARC

LEADER 00000cam a2200000 7i4500
001 0000002185
005 20030320.0
090 0 0 |a 634.90202   |b TAY 1989 
100 1 0 |a TAYLOR   |h David L. 
245 1 0 |a Recommended forest inventory practices in ASEAN   |c inventory manual prepared by David L. Taylor, Samsudin Musa, Kasinathan Kengaiah 
260 0 0 |a Kuala Lumpur :   |b ASEAN Insttute of Forest Management ,   |c 1989 
300 |a xi, 184 p. :   |b ill. ;   |c 30 cm. 
440 0 0 |a Forest inventory manual; v. IV 
650 0 0 |a Forest management   |x Inventories   |z Asia, Southeastern 
650 0 0 |a Forests and forestry   |z Asia, Southeastern 
700 0 1 |a Kasinathan Kengaiah 
700 0 1 |a Samsudin Musa 
710 1 1 |a ASEAN Insttute of Forest Management (AIFM) 
998 |a JPSM 
999 |a 0000003668   |b Monograph   |c Open Shelf   |e Default branch